000 00668nam a22001937a 4500
005 20251108164131.0
008 250721s1994 xx 000 0 ara d
082 1 4 _a341.256505694/قضا
100 1 _aالقضاه، محمد أحمد
245 1 0 _aمعركة السلام :
_bالمعاهده الأردنية الإسرائيليه وثائقها و أبعادها الإستراتيجيه /
264 1 _aعمان :
_bدائرة المطبوعات و النشر،
_c1994.
300 _a342ص.
650 1 7 _aالسلام
650 1 7 _aإتفاقيات السلام
650 1 7 _aالأردن
650 1 7 _aإسرائيل
942 _2ddc
_cBK
999 _c4487
_d4487